000 00418nam a22001337a 4500
008 150119b xxu||||| |||| 00| 0 eng d
050 _aQC174..1.L345
100 _aLande, Alfred
_914210
245 _aFrom dualism to unity in quantum physics/
_cby Alfred Lande.
260 _aCambridge :
_bAt the University Press,
_c1960.
300 _axvi, 114p.
_c21 cm.
650 _aQuantum theory
_914211
942 _2lcc
_cMONOGRAPH
999 _c121761
_d121761